Name The Beatles Song - Statistics

General Stats
  • This quiz has been taken 1,858 times
    1,828 since last reset
  • The average score is 6 of 8
Answer Stats
Hint Answer % Correct
"When I find myself in times of trouble Mother Mary comes to me..." Let it be
99%
"In the town where I was born, lived a man who sailed the sea" Yellow submarine
90%
"Nothing is real and nothing to get hung about" Strawberry fields forever
80%
"For well you know that it's a fool who plays it cool" hey jude
74%
"You say you got a real solution, well you know, we'd all love to see the plan" Revolution
73%
"hold me, love me, hold me, love me" Eight days a week
72%
"I'll tell you something, I think you'll understand, when I say that..." I want to hold your hand
65%
"...I can't forget the time or place where we just met" I've just seen a face
44%
No matching quizzes found
Score Distribution
Percent of People with Each Score
Percentile by Number Answered
Your Score History
You have not taken this quiz since the last reset